| 000 | 01189nam a2200265Ia 4500 | ||
|---|---|---|---|
| 003 | Ost | ||
| 005 | 20260507074859.0 | ||
| 008 | 260507s9999||||xx |||||||||||||| ||und|| | ||
| 020 | _a9957321226 | ||
| 040 | _cfsecg | ||
| 041 | _aara | ||
| 082 | _a1.6 | ||
| 100 |
_aالحميد، محمد دباس _eمؤلف |
||
| 245 | 0 |
_aحماية أنظمة المعلومات / _c محمد دباس الحميد |
|
| 260 |
_aعمان: _bدار الحامد للنشر و التوزيع, _c2007 |
||
| 300 |
_a192 صفحة؛ _bإيضاحات ؛ _c25 سم |
||
| 504 | _aالمراجع ص.189(اقتناءات 2014 3ن) | ||
| 520 | _aيضم نظم المعلومات الادارية، أمن مراكز المعلومات، الجرائم الحاسوبية، مواجهة الكوارث، أمن البيانات، أمن قواعد البيانات، أمن الشبكات، فيروسات الحاسب الآلي | ||
| 653 | _aالادارة | ||
| 653 | _aالجريمة والمجرمون | ||
| 653 | _aالقرصنة | ||
| 653 | _aنظم المعلومات- المؤسسة الممتدة | ||
| 700 |
_aنينو، ماركو ابراهيم _eمؤلف ثانوي |
||
| 942 | _cكتاب | ||
| 999 |
_c41633 _d41633 |
||